000 00636cam8a220020500 4500
001 tmp15830020
003 UPRA
005 20190816102607.0
008 951104s1899 gw eng u
035 _a(Sirsi) r47547
035 _a(UPRA)tmp15830020
040 _cUPRA
100 1 _aPhillpotts, Eden, 1862-1960.
_dPhillpotts, Eden, 1862-1960.
_6A5630.1
245 1 4 _aThe human boy.
260 _aLeipzig :
_bTauchnitz,
_c1899.
490 1 _aCollection of British authors ;
_vv. 3392
830 0 _aCollection of British and American authors ;
_vv. 3392
_6S2291.1
949 _aPR5177
_wlcc
_i-59171
_mMAIN
_tBOOK
_lON-SHELF
004 47547
999 _c87018
_d87018